000 00949nam a2200277 i 4500
003 EG-GICUC
005 20260422064343.0
008 260422r2003 sz ||||fr|||| 000 0 eng d
040 _aEG-GiCUC
_beng
_cEG-GiCUC
_dEG-GiCUC
_erda
082 0 4 _221
_a341.48
_bIN . S
092 0 4 _221
099 _aLaw1 11 341.48 IN . S 2003
100 1 _aSigg,Alain
_eAuthor.
245 1 0 _aInternational Human Rights Law,nternational Humanitarian Law,Refugee Law:
_bGeneva From Early Origins To The 21st Century/
_cAlain Sigg.
264 0 1 _aBerne:
_bThe Swiss Federal Department Of Foreign Affairs,
_c2003.
300 _a156 Pages;
_c24 cm.
336 _2rda content
_atext
337 _2rda media
_aComputer
338 _2rda carrier
_aOnline Resource
546 _aText in English
650 1 _aPublic International Law
650 1 _aHuman Rights
856 4 0 _uhttps://fll.law.cu.edu.eg/fulltext/bks/B11-09728.pdf
905 _a59
942 _2ddc
_cBK
_e21
_n0
999 _c72757
_d72757